Lana Del Rey- Peppers (All Lyrics) - Statistics

General Stats
  • This quiz has been taken 123 times
  • The average score is 389 of 488
Answer Stats
Lyrics % Correct
a
99%
ha
99%
on
99%
Hands
98%
hands
98%
I
98%
knees,
97%
my
97%
My
97%
Angelina
96%
Jolie
96%
(You
95%
you
95%
You
95%
I'm
94%
(I'm
94%
the
94%
your
94%
me
91%
Me
91%
in
89%
boyfriend
88%
so
88%
Peppers
87%
put
87%
to
87%
and
86%
can
84%
Let
84%
listen
84%
hair
80%
somewhere,
80%
Do
77%
do
77%
braid
76%
We
76%
we
76%
love,
75%
love
75%
love)
75%
back
74%
Chili
74%
criss-
74%
cross
74%
it,
74%
it
74%
All
73%
all
73%
fat
72%
time,
72%
time
72%
like
69%
like,
69%
for
65%
take
65%
Take
65%
"Fuck
63%
he
61%
have
58%
have,
58%
up
58%
song
57%
song,
57%
show,"
56%
give
55%
don't
54%
of
54%
write
54%
dance
53%
has,
53%
open
53%
songs
53%
whatever
53%
hit
52%
naked
52%
been
51%
blinds
51%
coffee
51%
COVID,
51%
matter
51%
clothes,
49%
mind
49%
off
49%
wine
49%
bring
48%
I'll
48%
kissing,
48%
skinny-
48%
tested
48%
tryin'
48%
We've
48%
without
47%
dip
46%
Got
46%
got
46%
if
46%
positive
46%
can't
44%
honey
43%
Baby,
41%
get
41%
minute
41%
gonna
40%
neighbors
40%
cry
39%
yeah
39%
Yeah,
39%
wind,
34%
yourself,
34%
midnight,
30%
midnight
30%
much
29%
caution
28%
knife
28%
threw
28%
lose
27%
onto
27%
vine
27%
bike
26%
('Cause
25%
myself,
25%
drive,
23%
know,
22%
know
22%
sit,
22%
should
20%
that
20%
jacket,
18%
upskirt,
15%
truck,
14%
this
13%
"Wipeout"?
13%
merge
11%
alright?)
10%
something
8%
maybe
6%
type
4%
No matching quizzes found
Score Distribution
Percent of People with Each Score
Percentile by Number Answered
Your Score History
You have not taken this quiz